| 000 | 00586nam a22001937a 4500 | ||
|---|---|---|---|
| 003 | OSt | ||
| 005 | 20160920154726.0 | ||
| 008 | 160214b xxu||||| |||| 00| 0 eng d | ||
| 020 | _a9789719590316 | ||
| 040 | _cLIC | ||
| 082 |
_22010 _aDFil 808.066 _bC27e |
||
| 100 |
_92886 _aCastigador, Adlai C. |
||
| 245 |
_aExpository writing: _bwholistic writing in the discipline/ _cAdlai C. Castigador. |
||
| 260 |
_aCavite: _bACC Book Publishing, _c©2012 |
||
| 300 |
_aiv, 234 pages; _c22 cm. |
||
| 650 | 0 |
_92887 _aExpository writing |
|
| 650 | 0 |
_92888 _aExposition (Rhetoric) |
|
| 942 |
_2ddc _cDFIL |
||
| 999 |
_c1142 _d1142 |
||